The Ruba'iyat of Omar Khayyem

Bibliographic Details
Other Authors: Avery, Peter, Heath-Stubbs, John
Format: Book
Published: 127 p. , 24 cm
Subjects:

MARC

LEADER 00000cam a2200000 7i4500
001 0000008434
002 000009192
005 20000330.0
020 |a T000000684 
090 0 0 |a 808.81   |b RUB 
245 0 4 |a The Ruba'iyat of Omar Khayyem   |c translated by Peter Avery and John Heath-Stubbs 
260 |a 127 p. ,   |c 24 cm 
300 |a 128 p. ;   |c 24 cm. 
650 0 0 |a Poetry   |x Collections 
700 1 |a Avery, Peter 
700 1 2 |a Heath-Stubbs, John 
999 |a 0000425   |b BUKU   |c PINJAMAN   |e PERPUSTAKAAN KOMUNITI PETALING JAYA